[Event "Icelandic Open 2019"]
[Site "Akureyri"]
[Date "2019.05.29"]
[Round "6.3"]
[White "Steingrimsson, Hedinn"]
[Black "Thorhallsson, Throstur"]
[Result "1-0"]
[WhiteElo "2549"]
[BlackElo "2435"]
[Annotator "TA"]
[PlyCount "111"]
[EventDate "2019.05.25"]
[EventType "swiss"]
[EventCountry "ISL"]
[SourceTitle "playchess.com"]
[Source "ChessBase"]
[SourceQuality "1"]

{[%evp 13,111,15,27,24,51,50,74,76,59,61,52,60,54,61,57,60,77,60,48,64,109,107,107,112,99,114,80,85,138,139,144,141,132,148,161,145,150,120,127,152,141,147,233,208,227,198,462,462,454,454,446,450,406,393,376,356,364,347,415,363,342,281,331,324,531,264,441,439,432,409,432,431,415,397,390,349,467,460,437,425,532,529,500,500,554,554,546,498,366,366,1384,1391,1336,1296,1251,585,1229,1133,754,722]} 1. d4 d5 ({Predecessor:} 1... Nf6 2. c4 e6 3. Nc3 {1-0 (33) Bischoff,K (2555)-Schulz,K (2310) Altenkirchen 2005}) 2. c4 e6 3. Nc3 Nf6 4. cxd5 exd5 5. Bg5 Be7 6. e3 c6 7. Bd3 Nbd7 8. h3 {D35: Queen's Gambit Declined: Exchange Variation} Ne4 $146 (8... Nf8 9. Qc2 Ne6 10. Bh4 g6 11. Nge2 Ng7 12. f3 O-O 13. O-O-O b5 14. g4 a5 15. Nf4 a4 {1-0 (60) So,W (2762)-Lenderman,A (2637) Saint Louis 2019}) 9. Bxe7 Qxe7 10. Bxe4 $1 {White is better.} dxe4 11. Qg4 Nf6 $1 12. Qxg7 Rg8 13. Qh6 Rxg2 14. Nge2 Rg6 15. Qh4 Be6 16. O-O-O Bd5 17. Nf4 Rg8 18. Rhg1 Kd7 19. Rg5 Rxg5 20. Qxg5 Rg8 (20... Re8 $142) 21. Qf5+ $16 ({Weaker is} 21. Ncxd5 Rxg5 22. Nxe7 Kxe7 $11) 21... Be6 22. Qa5 a6 23. Qe5 $1 b5 24. Kb1 h6 25. Rc1 $40 {[%mdl 128] White attacks with force.} Qd6 26. Nxe6 Qxe6 27. Qc5 Rc8 (27... Rg6 $16 {was worth a try.} 28. Qa7+ Ke8) 28. Qa7+ $1 $18 Rc7 29. Qxa6 Qxh3 $2 {[#]} (29... Qc4 {is a better defense.} 30. Qa8 Qe6) 30. d5 $1 {[%cal Rd5c6][%mdl 576] Deflection} Nxd5 (30... cxd5 31. Qxf6) 31. Nxd5 cxd5 32. Qxb5+ {[%mdl 4160] Endgame Double Attack. KQR-KQR} Kd8 33. Qxd5+ Qd7 34. Qa8+ Ke7 {( -> ...Qd3+)} 35. Qxe4+ Kf8 36. Rg1 {Qb4+ is the strong threat.} Rc5 37. Qb4 Qd6 {And now ...Rc1+! would win.} 38. a3 h5 $2 {[#]} (38... Ke7 39. Rg4 Rd5 40. Qb7+ Qd7 41. Qxd7+ Rxd7) 39. Ka1 (39. Rg5 $142 $1 {[%mdl 512]} Rc6 (39... Rxg5 40. Qxd6+) 40. Qxd6+ Rxd6 41. Rxh5) 39... Rd5 $2 (39... Ke7 40. Rh1 Rd5) 40. Qxd6+ Rxd6 {KR-KR} 41. Rh1 Rh6 42. b4 h4 43. Kb2 h3 44. Kc3 h2 45. Kd3 Ke7 46. Ke2 Ra6 47. Rxh2 Rxa3 48. Rh5 Ra2+ 49. Kf3 Rb2 50. b5 Ke6 51. e4 f6 $2 (51... Rb3+ 52. Ke2 Ke7) 52. Ke3 {White is clearly winning.} Rb3+ 53. Kd4 Rb4+ 54. Kd3 (54. Kc5 $142 Rxe4 55. Kc6) 54... Rb2 55. Rf5 Rb4 56. f3 {Accuracy: White = 80%, Black = 39%.} 1-0

[Event "Icelandic Open 2019"]
[Site "Akureyri"]
[Date "2019.05.29"]
[Round "6.4"]
[White "Hillarp Persson, Tiger"]
[Black "Hardarson, Petur Palmi"]
[Result "1-0"]
[WhiteElo "2563"]
[BlackElo "1847"]
[Annotator "TA"]
[PlyCount "113"]
[EventDate "2019.05.25"]
[EventType "swiss"]
[EventCountry "ISL"]
[SourceTitle "playchess.com"]
[Source "ChessBase"]
[SourceQuality "1"]

{[%evp 14,113,26,33,36,9,65,63,58,52,55,26,34,21,29,27,39,52,77,83,123,117,143,121,122,113,112,91,96,86,79,83,81,62,53,50,72,60,66,58,56,64,67,60,99,91,93,68,85,78,83,80,75,83,77,77,73,24,38,38,41,40,49,29,129,129,129,129,129,129,145,129,129,129,129,129,129,129,129,129,250,239,446,423,590,602,586,571,556,493,1011,1777,1454,1470,1412,1414,1197,1076,941,862,806,758]} 1. d4 Nf6 2. c4 g6 3. Nc3 Bg7 4. e4 d6 5. Nge2 O-O 6. f3 Nc6 7. Bg5 a6 8. Qd2 Na5 {E81: King's Indian: Sämisch: 6th move deviations (including 6 Be3 c6)} (8... Bd7 9. Ng3 e5 10. dxe5 Nxe5 11. Be2 b5 12. f4 Nxc4 13. Bxc4 bxc4 14. e5 dxe5 15. fxe5 Qe7 16. O-O Qc5+ {0-1 (27) Matlakov,M (2689)-Guseinov,G (2634) Baku 2015}) 9. b3 c5 (9... b5 $11) 10. Rd1 {Threatens to win with dxc5.} Nc6 $146 {White is slightly better.} ({Predecessor:} 10... cxd4 11. Nxd4 Bd7 12. Be2 Nc6 13. Nxc6 Bxc6 14. Nd5 Bxd5 15. cxd5 Rc8 16. O-O {1-0 (36) Aranha Filho,A (2294)-Torella,R (2054) Brasilia 2019}) 11. d5 Ne5 12. Nc1 Qa5 13. Be2 Rb8 14. a4 h6 15. Be3 Ne8 16. N1a2 h5 17. h3 Nd7 18. g4 Ndf6 19. Rb1 Qc7 20. Nd1 e6 21. Nac3 exd5 22. cxd5 Qa5 23. Na2 Qxd2+ 24. Kxd2 b5 25. axb5 axb5 26. b4 c4 27. Nac3 hxg4 28. hxg4 Nd7 29. Nf2 Nc7 30. Bf4 Ne5 31. Bh6 f6 32. Be3 Bd7 33. f4 Nf7 34. Bd4 Ra8 35. Ra1 Rxa1 36. Rxa1 {Black must now prevent Ra7.} Ra8 $1 {[%cal Ra8a1]} 37. Rxa8+ Nxa8 38. Nfd1 f5 (38... Nc7 $11) 39. Bxg7 $16 Kxg7 40. g5 Nc7 41. Ne3 Na6 42. Nc2 fxe4 43. Ke3 Nc7 44. Bf1 Kf8 45. Bg2 Kg7 46. Bxe4 Na6 (46... Nd8 $16 47. Nd4 Kh7) 47. Nd4 $18 Nc7 $2 {[#]} (47... Nxb4 48. Ncxb5 (48. Ndxb5 Nd3 $16) 48... Bxb5) 48. Ne6+ $1 {[%mdl 576] Deflection. White is clearly winning.} Nxe6 49. dxe6 Bxe6 50. Nxb5 {[%mdl 4096] Endgame KBN-KBN} d5 51. Nd4 dxe4 (51... Bd7 $142 52. Bxd5 Kf8 53. Bxc4 Be8) 52. Nxe6+ {KN-KN} Kg8 53. Kxe4 Nd6+ 54. Kd4 Kf7 55. Nc7 Ke7 56. Nd5+ Ke6 57. Ne3 {Accuracy: White = 76%, Black = 51%.} 1-0

[Event "Icelandic Open 2019"]
[Site "Akureyri"]
[Date "2019.05.29"]
[Round "6.5"]
[White "Gunnarsson, Jon Viktor"]
[Black "Stefansson, Vignir Vatnar"]
[Result "1/2-1/2"]
[WhiteElo "2452"]
[BlackElo "2291"]
[Annotator "TA"]
[PlyCount "44"]
[EventDate "2019.05.25"]
[EventType "swiss"]
[EventCountry "ISL"]
[SourceTitle "playchess.com"]
[Source "ChessBase"]
[SourceQuality "1"]

{[%evp 16,44,16,0,16,8,14,0,27,8,12,4,12,20,22,-5,0,-50,-56,-86,0,0,-27,-27,0,0,0,-42,0,0,0]} 1. e4 c5 2. Nf3 Nc6 3. Bb5 g6 4. O-O Bg7 5. Re1 Nf6 6. e5 Nd5 7. Nc3 {[%cal Bb1c3,Bc3e4,Be4g3][%mdl 32]} Nc7 8. Bxc6 dxc6 9. Ne4 b6 {B31: Sicilian: 2...Nc6 3 Bb5 g6} 10. d3 O-O 11. h3 Bf5 (11... Ne6 12. Neg5 Nd4 13. Bf4 h6 14. Ne4 Kh7 15. b3 Be6 16. a4 a5 17. Nxd4 cxd4 18. Qf3 Bd5 19. h4 Qd7 20. Qg3 {½-½ (30) Adams,M (2708)-Adhiban,B (2683) Astana 2019}) 12. Ng3 Be6 13. b3 a5 $146 ({Predecessor:} 13... f6 14. Bb2 Bd5 15. exf6 exf6 16. Nd2 Bf7 17. Nc4 b5 18. Nd2 {½-½ (44) Fatalibekova,E (2242)-Tsifanskaya,L (2077) Acqui Terme 2015}) 14. a4 Nd5 15. d4 cxd4 16. Qxd4 Nb4 $1 {[%cal Rb4c2]} 17. Qh4 {[#] aiming for Ng5.} Bd5 (17... Nxc2 $17 18. Ng5 h6 19. Nxe6 fxe6 20. Bxh6 Nxa1 21. Rxa1 Rf7) 18. Ng5 $11 {[%csl Gg5][%cal Rh4h7]} h6 19. N5e4 Kh7 ({Resist} 19... Bxe5 20. c3 $17) 20. Ng5+ Kg8 21. N5e4 Kh7 (21... Nxc2 $2 22. Bxh6 Bxe5 23. Bxf8 $19) 22. Ng5+ Kg8 {Accuracy: White = 62%, Black = 46%.} 1/2-1/2

[Event "Icelandic Open 2019"]
[Site "Akureyri"]
[Date "2019.05.29"]
[Round "6.6"]
[White "Karlsson, Mikael Johann"]
[Black "Thorfinnsson, Bragi"]
[Result "1-0"]
[WhiteElo "2146"]
[BlackElo "2451"]
[Annotator "RC"]
[PlyCount "89"]
[EventDate "2019.05.25"]
[EventType "swiss"]
[EventCountry "ISL"]
[SourceTitle "playchess.com"]
[Source "ChessBase"]
[SourceQuality "1"]
[TimeControl "40/5400+30:1800+30"]

1. Nf3 {[%emt 0:00:00]} Nf6 {[%emt 0:00:35]} 2. c4 {[%emt 0:00:00]} b6 {[%emt 0:01:12]} 3. g3 {[%emt 0:00:00]} Bb7 {[%emt 0:00:24]} 4. Bg2 {[%emt 0:00:00]} e5 {[%emt 0:02:11]} 5. O-O {[%emt 0:00:25]} e4 {[%emt 0:07:02]} 6. Ne1 {[%emt 0:00:02]} h5 {[%emt 0:00:44]} 7. d4 {[%emt 0:02:35]} h4 {[%emt 0:02:27]} 8. Bg5 {[%emt 0:00:22]} hxg3 {[%emt 0:05:46]} 9. fxg3 {[%emt 0:00:06]} Be7 {[%emt 0:02:56]} 10. Bxf6 {[%emt 0:00:04]} Bxf6 {[%emt 0:00:43]} 11. Nc3 {[%emt 0:00:08]} Qe7 {[%emt 0:03:40]} 12. e3 {[%emt 0:05:23]} Bg5 {[%emt 0:02:40]} 13. Nc2 {[%emt 0:01:09]} g6 {[%emt 0:02:54]} 14. h4 {[%emt 0:03:26]} Bh6 {[%emt 0:11:33]} 15. Qg4 {[%emt 0:03:40]} Kd8 {[%emt 0:00:22]} 16. Rf2 {[%emt 0:06:12]} Qe8 {[%emt 0:08:36]} 17. h5 {[%emt 0:09:58]} gxh5 {[%emt 0:04:49]} 18. Qh4+ {[%emt 0:00:21]} Kc8 {[%emt 0:04:20]} 19. Raf1 {[%emt 0:00:38]} Nc6 {[%emt 0:03:07]} 20. Rxf7 {[%emt 0:05:07]} Nd8 {[%emt 0:02:06]} 21. Re7 {[%emt 0:07:12]} Qg6 {[%emt 0:08:50]} 22. Nxe4 {[%emt 0:20:12]} Rf8 {[%emt 0:06:35]} 23. d5 {[%emt 0:07:05]} Rxf1+ {[%emt 0:00:43]} 24. Kxf1 {[%emt 0:02:17]} Ba6 {[%emt 0:01:30]} 25. b3 {[%emt 0:00:35]} b5 {[%emt 0:00:25]} 26. Qh3 {[%emt 0:04:02]} Qg4 {[%emt 0:03:00]} 27. Qxg4 {[%emt 0:00:09]} hxg4 {[%emt 0:00:02]} 28. c5 {[%emt 0:00:19]} b4+ {[%emt 0:00:23]} 29. Kf2 {[%emt 0:00:11]} Rb8 {[%emt 0:00:23]} 30. Nd4 {[%emt 0:02:13]} Bd3 {[%emt 0:01:06]} 31. Re8 {[%emt 0:03:38]} Bg7 {[%emt 0:02:56]} 32. Nf5 {[%emt 0:00:21]} Bc3 {[%emt 0:00:46]} 33. Ne7+ {[%emt 0:01:27]} Kb7 {[%emt 0:00:02]} 34. c6+ {[%emt 0:00:10]} Kb6 {[%emt 0:02:28]} 35. cxd7 {[%emt 0:00:51]} Bxe4 {[%emt 0:00:30]} 36. Bxe4 {[%emt 0:00:41]} Bf6 {[%emt 0:00:03]} 37. d6 {[%emt 0:00:38]} c6 {[%emt 0:01:06]} 38. Nxc6 {[%emt 0:03:39]} Nxc6 {[%emt 0:00:32]} 39. Bxc6 {[%emt 0:00:06]} Rd8 {[%emt 0:00:31]} 40. Ba4 {[%emt 0:00:00]} Kc5 {[%emt 0:00:00]} 41. e4 {[%emt 0:00:29]} a5 {[%emt 0:01:50]} 42. e5 {[%emt 0:00:07]} Bg5 {[%emt 0:00:07]} 43. Ke2 {[%emt 0:00:12]} Kd5 {[%emt 0:07:45]} 44. Kd3 {[%emt 0:00:08]} Kc5 {[%emt 0:00:44]} 45. Ke4 {[%emt 0:00:06] Kd5+ [%clk 00:29:22] [%emt 00:01:06]} 1-0

[Event "Icelandic Open 2019"]
[Site "Akureyri"]
[Date "2019.05.29"]
[Round "6.7"]
[White "Bergsson, Stefan"]
[Black "Gretarsson, Helgi Ass"]
[Result "1/2-1/2"]
[WhiteElo "2124"]
[BlackElo "2433"]
[Annotator "TA"]
[PlyCount "60"]
[EventDate "2019.05.25"]
[EventType "swiss"]
[EventCountry "ISL"]
[SourceTitle "playchess.com"]
[Source "ChessBase"]
[SourceQuality "1"]

{[%evp 12,60,37,43,46,33,30,17,34,32,42,20,41,40,53,41,71,71,66,44,99,100,97,94,219,197,290,275,244,38,57,0,115,108,109,0,0,0,0,-4,-16,-206,-225,-184,0,0,0,0,0,0,0]} 1. e4 d6 2. d4 Nf6 3. Nc3 g6 4. f4 Bg7 5. Nf3 O-O 6. Bd3 Nc6 7. O-O e5 {B09: Pirc Defence: Austrian Attack} 8. d5 (8. fxe5 dxe5 9. d5 Ne7 10. Nxe5 c6 11. Bg5 cxd5 12. Bxf6 Qb6+ 13. Kh1 Bxf6 14. Nxd5 Nxd5 15. Nc4 Qc5 16. exd5 Bg7 17. Qf3 b6 18. c3 Bb7 {½-½ (61) Shirov,A (2643)-Mchedlishvili,M (2610) St Petersburg 2018}) 8... Ne7 9. Qe1 c6 {[%cal Rc6d5]} 10. dxc6 Nxc6 11. Kh1 $146 ({Predecessor:} 11. f5 d5 12. Ng5 Nb4 13. Qh4 gxf5 14. exf5 e4 15. Be3 {0-1 (28) Bayer,E-Klumpp,J (2089) Baden 2011}) 11... exf4 12. Bxf4 Ng4 13. Rd1 a6 14. Bc4 Nge5 15. Bd5 Bg4 ({Black should try} 15... Nxf3 $14 16. gxf3 Ne5) 16. Qg3 $16 Bxf3 17. gxf3 Rc8 (17... Qc7 $16 {is a better defense.}) 18. Bg5 $1 $18 {[%cal Rg5d8]} Qe8 (18... Qb6 $142) 19. f4 Nd7 20. Qh4 $2 ({Only move:} 20. f5 $1 $18) 20... Nb4 $1 $14 21. f5 (21. Be7 $14) 21... Bxc3 (21... Nxd5 $11 22. Rxd5 (22. Nxd5 f6 $11) 22... Bxc3 23. bxc3 f6 24. fxg6 hxg6) 22. fxg6 $16 hxg6 {[#]} 23. bxc3 $40 {[%mdl 128] White is up to no good.} ({White must play} 23. Rf3 $1 $16 {[%cal Rf3h3] Intending Rh3 and mate.} Qe5 24. bxc3 Nxd5 25. Rxd5) 23... Nxd5 $11 24. Rxd5 f6 25. Bh6 Rf7 26. Rg1 $2 (26. Rxd6 $11 Rh7 27. Qg4 Rxc3 28. Re6 {[%mdl 64] Remove Defender}) 26... Rh7 $19 {Threatens to win with ...Rxh6!} 27. Rxd6 {[#]} Rxh6 $2 ({Weaker is} 27... Rxc3 28. e5 $11) (27... g5 $1 $19 28. Rg2 (28. Rxf6 $2 Nxf6 29. Qxg5+ Kf7 $19) 28... Rc6) 28. Qxh6 $11 {The position is equal.} Qxe4+ {[%mdl 64] Double Attack} 29. Rg2 {And now Rd4 would win.} Qe1+ {[%mdl 64] Double Attack} 30. Rg1 Qe4+ {[%mdl 64] Double Attack. Accuracy: White = 33%, Black = 45%.} 1/2-1/2

[Event "Icelandic Open 2019"]
[Site "Akureyri"]
[Date "2019.05.29"]
[Round "6.8"]
[White "Thorfinnsson, Bjorn"]
[Black "Kristjansson, Olafur"]
[Result "1-0"]
[WhiteElo "2389"]
[BlackElo "2069"]
[Annotator "TA"]
[PlyCount "75"]
[EventDate "2019.05.25"]
[EventType "swiss"]
[EventCountry "ISL"]
[SourceTitle "playchess.com"]
[Source "ChessBase"]
[SourceQuality "1"]

{[%evp 16,75,6,14,7,-20,-6,-69,-49,-128,-124,-133,-132,-137,-132,-164,-160,-155,-120,-150,-133,-143,-112,-114,-97,-109,-44,-46,-43,-60,-56,-63,-41,-59,0,0,5,-91,-45,-38,-43,-57,-49,-51,-35,-64,-55,-58,-27,-40,109,99,106,33,27,56,167,170,297,286,413,408]} 1. d4 Nf6 2. Nf3 g6 3. Bg5 Bg7 4. e3 O-O 5. Bd3 c5 6. c3 d6 7. Nbd2 cxd4 8. exd4 Nc6 9. O-O h6 {A46: 1 d4 Nf6 2 Nf3 e6: Torre, London and Colle Systems} (9... Qc7 10. Re1 a6 11. a4 h6 12. Bxf6 Bxf6 13. Nc4 e5 14. dxe5 dxe5 15. Be4 Rd8 16. Qe2 Ne7 17. Bc2 {0-1 (60) Mamedyarov,S (2762)-Svidler,P (2742) Novi Sad 2016}) 10. Be3 Nd5 11. b4 $146 ({White should play} 11. Qb3 $11 e6 12. Be4) ({Predecessor:} 11. c4 Nxe3 12. fxe3 e5 {0-1 (47) Cooke,E (2266)-Farago,S (2271) Budapest 2000}) 11... e5 $15 {Black is slightly better.} 12. Qb3 (12. Rc1 $1 $15) 12... Be6 $17 13. Bc4 Nxe3 14. fxe3 d5 15. Be2 e4 16. Ne1 Ne7 17. g3 h5 18. Ng2 Bh6 19. c4 Rc8 {White must now prevent ...dxc4.} 20. c5 Bh3 ({Better is} 20... Nf5 $17 21. Nf4 Qf6) 21. Rf2 $15 Bxg2 22. Kxg2 Nf5 23. Rxf5 gxf5 24. Rf1 $1 {[%cal Rf1f5]} f4 (24... Qg5 $15 25. Rf4 Rfd8) 25. exf4 $11 Bg7 26. Qe3 (26. Rd1 $11 {remains equal.}) 26... Qf6 27. Nb3 {[%cal Bd2b3,Bb3c1,Bc1e2,Be2c3,Bc3d5][%mdl 32]} Qh6 28. Bd1 f5 29. Nc1 h4 30. Bb3 Rcd8 31. Ne2 Qa6 32. Nc3 Qd3 (32... Kh7 $15 {stays ahead.}) 33. Qxd3 $16 exd3 34. Nxd5 (34. Rd1 $16) 34... Kh7 $14 35. Rd1 Rd7 {[#]} (35... Rfe8 $14) 36. b5 $1 $18 ({Resist} 36. Rxd3 $6 Rfd8 $14) 36... Kh6 (36... Rfd8 $142) 37. Rxd3 Rfd8 (37... Kh7 $142 38. gxh4 Rfd8) 38. c6 {Accuracy: White = 56%, Black = 41%.} 1-0

[Event "Icelandic Open 2019"]
[Site "Akureyri"]
[Date "2019.05.29"]
[Round "6.9"]
[White "Sarkar, Justin"]
[Black "Briem, Benedikt"]
[Result "1/2-1/2"]
[WhiteElo "2358"]
[BlackElo "1811"]
[Annotator "TA"]
[PlyCount "77"]
[EventDate "2019.05.25"]
[EventType "swiss"]
[EventCountry "ISL"]
[SourceTitle "playchess.com"]
[Source "ChessBase"]
[SourceQuality "1"]

{[%evp 10,77,9,0,50,51,51,47,38,0,0,-8,2,0,-2,-5,7,2,11,6,11,0,0,0,9,9,10,9,11,16,25,11,11,10,16,8,10,10,10,10,38,40,40,40,39,0,6,0,0,-75,-83,-150,-89,-89,-95,-95,-58,-56,-56,-58,-55,-72,-57,-96,-103,-107,-75,-110,-83,-75]} 1. e4 d5 2. exd5 Qxd5 3. Nf3 Bg4 4. Be2 Nc6 {[%cal Bb8c6,Bc6e5,Be5d3][%mdl 32]} 5. d4 O-O-O 6. c4 Qa5+ {B01: Scandinavian Defence} (6... Qh5 7. Be3 e5 8. d5 e4 9. Nd4 Ne5 10. Bxg4+ Nxg4 11. h3 N8f6 12. Nc3 Nxe3 13. fxe3 Qh4+ 14. Kd2 Bc5 {1-0 (68) Tomashevsky,E (2728)-Fressinet,L (2700) Huaian 2016}) 7. Bd2 Qf5 8. d5 Bxf3 {White is slightly better.} 9. Bxf3 {[#] aiming for Bg4.} ({Wrong is} 9. gxf3 $2 Nd4 $17) 9... Ne5 10. Be2 $146 ({Predecessor:} 10. Nc3 Nxf3+ 11. Qxf3 Qxf3 12. gxf3 g6 13. Ne4 Bg7 14. O-O-O {½-½ (22) Bongiovanni,C-Gruber,S IECG email 2002}) 10... Nd3+ 11. Bxd3 $1 Qxd3 12. Qe2 $132 {[%mdl 2048] White puts up resistance} Qxe2+ 13. Kxe2 e6 14. dxe6 Re8 15. Bc3 Rxe6+ 16. Kf3 f6 17. Nd2 Nh6 18. Rhe1 Rxe1 19. Rxe1 Kd7 20. Ne4 b6 21. Rd1+ Ke6 22. Rd8 Nf7 23. Ra8 a5 24. c5 {White wants to play cxb6.} Be7 25. Ra7 Rc8 26. cxb6 cxb6 27. Ra6 Bd8 28. Bxa5 Ne5+ $1 29. Kg3 (29. Ke2 $11 Kd5 30. Nc3+ Kc5 31. Ne4+ Kd5 32. Nc3+ Kc5 33. Ne4+ Kd4 34. Nd6 Rc2+ {[%mdl 64] Double Attack} 35. Bd2) 29... Kd5 $17 30. Nxf6+ ({White should try} 30. Nc3+ Kc6 31. Bb4) 30... gxf6 (30... Bxf6 $142 31. Bc3 Nd7 32. Bxf6 gxf6) 31. Bxb6 Be7 32. b3 Rg8+ 33. Kh3 Nd3 {[#] ( -> ...Nf4+)} 34. g3 Rc8 35. Ra7 Ke6 36. Be3 Rc2 {Black is better.} 37. f4 f5 38. Ra6+ Kf7 39. Ra7 {Accuracy: White = 45%, Black = 58%.} 1/2-1/2

[Event "Icelandic Open 2019"]
[Site "Akureyri"]
[Date "2019.05.29"]
[Round "6.10"]
[White "Leosson, Atli Johann"]
[Black "Thorhallsson, Simon"]
[Result "0-1"]
[WhiteElo "1790"]
[BlackElo "2184"]
[Annotator "ChessBase"]
[PlyCount "126"]
[EventDate "2019.05.25"]
[EventType "swiss"]
[EventCountry "ISL"]
[SourceTitle "playchess.com"]
[Source "ChessBase"]
[SourceQuality "1"]
[TimeControl "40/5400+30:1800+30"]

1. e4 {[%emt 0:00:00]} c5 {[%emt 0:00:00]} 2. Nf3 {[%emt 0:00:00]} e6 {[%emt 0:00:00]} 3. d4 {[%emt 0:00:00]} cxd4 {[%emt 0:00:00]} 4. Nxd4 {[%emt 0:00:04]} Nc6 {[%emt 0:00:00]} 5. Nc3 {[%emt 0:01:08]} Qc7 {[%emt 0:00:16]} 6. Be3 {[%emt 0:01:08]} a6 {[%emt 0:00:10]} 7. Be2 {[%emt 0:06:57]} b5 {[%emt 0:03:43]} 8. a3 {[%emt 0:01:32]} Bb7 {[%emt 0:00:39]} 9. Nxc6 {[%emt 0:03:03]} Bxc6 {[%emt 0:01:11]} 10. Bf3 {[%emt 0:05:07]} Nf6 {[%emt 0:02:15]} 11. Bg5 {[%emt 0:08:37]} b4 {[%emt 0:06:31]} 12. Bxf6 {[%emt 0:04:20]} gxf6 {[%emt 0:00:07]} 13. axb4 {[%emt 0:00:15]} Bxb4 {[%emt 0:00:08]} 14. Qd4 {[%emt 0:00:36]} Bxc3+ {[%emt 0:04:43]} 15. Qxc3 {[%emt 0:00:46]} Qe5 {[%emt 0:00:52]} 16. Qxe5 {[%emt 0:03:22]} fxe5 {[%emt 0:00:35]} 17. Kd2 {[%emt 0:02:13]} Ke7 {[%emt 0:02:25]} 18. Ra5 {[%emt 0:02:48]} f6 {[%emt 0:07:46]} 19. Rha1 {[%emt 0:00:48]} Rhb8 {[%emt 0:01:03]} 20. b3 {[%emt 0:02:55]} Rb6 {[%emt 0:01:27]} 21. Ke3 {[%emt 0:03:56]} Bb7 {[%emt 0:01:37]} 22. Rc5 {[%emt 0:06:21]} Rb4 {[%emt 0:03:08]} 23. Ra3 {[%emt 0:05:23]} Kd6 {[%emt 0:01:01]} 24. Rc3 {[%emt 0:02:20]} Rd4 {[%emt 0:08:32]} 25. Rd3 {[%emt 0:06:18]} Kc5 {[%emt 0:01:57]} 26. Ra5+ {[%emt 0:01:11]} Kb6 {[%emt 0:00:35]} 27. Ra1 {[%emt 0:03:03]} Rxd3+ {[%emt 0:04:26]} 28. Kxd3 {[%emt 0:00:07]} d5 {[%emt 0:01:41]} 29. exd5 {[%emt 0:00:30]} exd5 {[%emt 0:00:09]} 30. Kd2 {[%emt 0:01:37]} Re8 {[%emt 0:08:07]} 31. g3 {[%emt 0:06:06]} e4 {[%emt 0:07:22]} 32. Bg4 {[%emt 0:02:33]} d4 {[%emt 0:00:48]} 33. Re1 {[%emt 0:00:20]} Re5 {[%emt 0:03:09]} 34. h4 {[%emt 0:02:15]} Ra5 {[%emt 0:00:43]} 35. Kc1 {[%emt 0:05:33]} h6 {[%emt 0:07:57]} 36. Kd2 {[%emt 0:03:58]} Kc7 {[%emt 0:10:50]} 37. Rb1 {[%emt 0:04:29]} Kd6 {[%emt 0:00:31]} 38. b4 {[%emt 0:00:48]} Ra3 {[%emt 0:03:49]} 39. b5 {[%emt 0:02:25]} a5 {[%emt 0:01:09]} 40. b6 {[%emt 0:00:00]} Kc6 {[%emt 0:00:00]} 41. Bf5 {[%emt 0:03:24]} Kc5 {[%emt 0:07:57]} 42. Bxe4 {[%emt 0:00:54]} Bxe4 {[%emt 0:02:32]} 43. b7 {[%emt 0:00:08]} Bxb7 {[%emt 0:00:10]} 44. Rxb7 {[%emt 0:00:06]} Rf3 {[%emt 0:05:13]} 45. Ke2 {[%emt 0:00:16]} Rc3 {[%emt 0:01:55]} 46. Kd2 {[%emt 0:00:18]} a4 {[%emt 0:04:54]} 47. Rb8 {[%emt 0:04:29]} h5 {[%emt 0:02:21]} 48. Rb7 {[%emt 0:00:49]} Rf3 {[%emt 0:01:23]} 49. Ke2 {[%emt 0:01:04]} Rc3 {[%emt 0:00:41]} 50. Kd2 {[%emt 0:00:00]} Rf3 {[%emt 0:00:06]} 51. Ke2 {[%emt 0:00:00]} Rf5 {[%emt 0:00:14]} 52. f4 {[%emt 0:04:25]} Kc4 {[%emt 0:02:03]} 53. Ra7 {[%emt 0:04:05]} Kb4 {[%emt 0:01:32]} 54. Kd3 {[%emt 0:01:52]} Ra5 {[%emt 0:01:41]} 55. Rb7+ {[%emt 0:06:49]} Kc5 {[%emt 0:00:33]} 56. Rb2 {[%emt 0:03:43]} a3 {[%emt 0:00:18]} 57. Ra2 {[%emt 0:00:09]} f5 {[%emt 0:02:08]} 58. c3 {[%emt 0:00:26]} dxc3 {[%emt 0:00:17]} 59. Kxc3 {[%emt 0:00:06]} Ra8 {[%emt 0:00:11]} 60. Kb3 {[%emt 0:01:28]} Kd4 {[%emt 0:00:11]} 61. Rxa3 {[%emt 0:07:57]} Rxa3+ {[%emt 0:00:11]} 62. Kxa3 {[%emt 0:00:05]} Ke4 {[%emt 0:00:08]} 63. g4 {[%emt 0:00:34]} fxg4 {[%emt 0:00:09]} 0-1